Piłkarze Reprezentacji Rwandy - nagła śmierć - Statystyki

Ogólne statystyki
  • Ten quiz został rozwiązany 4 razy
  • Średni wynik to 3 z 8
Answers on the Grid
Answers color-coded by a green-red scale on the quiz's grid according to % correct below.
Thabang Sesinyi
Djihad Bizimana
Ange Mutsinzi
Joseph Okumu
Rayan Raveloson
Emmanuel Imanishimwe
Samuel Gueulette
Jojea Kwizera
Godfrey Oboabona
Jacques Tuyisenge
Meddie Kagere
Innocent Nshuti
 
Statystyki odpowiedzi
Odpowiedź % Poprawnych
Jojea Kwizera
75%
Samuel Gueulette
75%
Djihad Bizimana
50%
Jacques Tuyisenge
50%
Ange Mutsinzi
25%
Emmanuel Imanishimwe
25%
Innocent Nshuti
25%
Meddie Kagere
0%
Nie znaleziono quizów pasujących do podanych kryteriów
Rozkład punktacji
Procent ludzi z każdym wynikiem
Percentyl według liczby udzielonych odpowiedzi
Twoja historia wyników
Nie rozwiązałeś tego quizu